[Úvod k zborníku "Podnikateľské minimum - študijný program"]

Enregistré dans:
Détails bibliographiques
Auteur principal: Šúbertová, Elena
Format: Chapitre de livre
Langue:slovaque
Tags: Ajouter un tag
Pas de tags, Soyez le premier à ajouter un tag!

MARC

LEADER 00000nla a2200000 4500
001 0197142
005 20240502073327.9
041 0 |a slo 
044 |a SK 
245 1 0 |a [Úvod k zborníku "Podnikateľské minimum - študijný program"]  |c Elena Šúbertová 
100 1 |a Šúbertová, Elena